Will Rap for Food - CunninLynguists - Statistics

General Stats
  • This quiz has been taken 6 times
  • The average score is 15 of 18
Answer Stats
Track No. Track Length % Correct
18 616 Rewind 4:16
100%
6 Fukinwichu 4:51
100%
5 Hey 0:28
100%
2 Lynguistics 2:28
100%
9 Midnight 0:33
100%
4 So Live! 3:08
100%
10 Thugged Out Since Cub Scouts 3:52
100%
1 Will Rap for Food 0:26
100%
7 Ain't No Way 3:58
75%
13 Family Ties 4:01
75%
12 Halfanimal 4:02
75%
11 Kno's Digging 0:37
75%
3 Mic Like a Memory 4:38
75%
8 Missing Children 4:56
75%
16 Takin' the Loss 5:29
75%
14 Dirty South 0:34
50%
15 Mindstate 3:56
50%
17 Not Guilty 3:39
50%
No matching quizzes found
Score Distribution
Percent of People with Each Score
Percentile by Number Answered
Your Score History
You have not taken this quiz